Objetives-based testing: a guide to effective test development
محفوظ في:
| المؤلفون الرئيسيون: | , |
|---|---|
| التنسيق: | كتاب |
| اللغة: | الإنجليزية |
| منشور في: |
Englewood Cliffs
Educational Technology Publications
1979
|
| الموضوعات: | |
| الوسوم: |
إضافة وسم
لا توجد وسوم, كن أول من يضع وسما على هذه التسجيلة!
|
MARC
| LEADER | 00000nam a2200000 a 4500 | ||
|---|---|---|---|
| 001 | UCU1574 | ||
| 003 | CL-VaPUC | ||
| 005 | 20220106102418.0 | ||
| 008 | 960409e19790000US |||||||||||||||||eng|d | ||
| 999 | |c 246136 |d 246134 | ||
| 040 | |c Pontificia Universidad Católica de Valparaíso | ||
| 082 | 0 | 4 | |a 371.261 RAC 1979 |2 21 |
| 100 | 0 | |a Rachmlow, Harold F |e autor |9 357216 | |
| 245 | 1 | 0 | |a Objetives-based testing: a guide to effective test development |
| 260 | |a Englewood Cliffs |b Educational Technology Publications |c 1979 | ||
| 300 | |a 148 p | ||
| 583 | |a last modification |c 20130415 09:52:38 |k Rodrigo Vera | ||
| 650 | 7 | |a TESTS |2 CL-VaPUC |9 309359 | |
| 650 | 0 | |a Evaluación de la educación |9 237505 | |
| 650 | 7 | |a PRACTICA DE PRUEBAS EDUCACIONALES |2 CL-VaPUC |9 335463 | |
| 700 | 0 | |a Katheryn K., Woodley |e author |9 357217 | |
| 942 | |c BK |2 ddc | ||
| 945 | |d 19960409 00:00:00 |a lriquelm | ||
| 952 | |0 0 |1 0 |4 0 |6 371_261000000000000_RAC_1979 |7 0 |8 P |9 260884 |a BIBEDU |b BIBEDU |c BIBEDU_PB |d 2019-11-19 |i 2013223 |o 371.261 RAC 1979 |p 2013223 |r 2024-01-25 |w 2019-11-19 |y BK |k EDU | ||